| 000 | 00591nam a22002177a 4500 | ||
|---|---|---|---|
| 005 | 20231113160239.0 | ||
| 008 | 150302b xxu||||| |||| 00| 0 ES d | ||
| 041 | _aInglés | ||
| 082 | _a428.3 T238a | ||
| 100 |
_aTaylor, John B. _92980 |
||
| 245 | _aAccounting | ||
| 260 |
_aEstados Unidos _bExpress Publishing _c2013 |
||
| 500 | _aContiene disco compacto N° 693 | ||
| 650 |
_aINGLÉS - ENSEÑANZA _91244 |
||
| 650 |
_aCONTABILIDAD _92655 |
||
| 650 |
_aESTADOS FINANCIEROS _965 |
||
| 650 |
_aCOSTOS _929893 |
||
| 650 |
_aIMPUESTOS _9704 |
||
| 650 | 0 |
_aDEPRECIACIÓN _92046 |
|
| 942 | _cBK | ||
| 999 |
_c3560 _d3560 |
||